[Event "Titled Tuesday intern op 29th Aug Early"]
[Site "Chess.com INT"]
[Date "2023.08.29"]
[Round "1"]
[White "Niemann, Hans Moke"]
[Black "Ionescu, Mihai"]
[Result "1-0"]
[WhiteElo "2660"]
[BlackElo "2245"]
[PlyCount "77"]
[EventDate "2023.08.29"]
[EventType "swiss (blitz)"]
[EventRounds "11"]
[EventCountry "USA"]
[SourceTitle "EXT 2024"]
[Source "ChessBase"]
[SourceDate "2023.10.10"]
[SourceVersion "1"]
[SourceVersionDate "2023.10.10"]
[SourceQuality "1"]

1. e4 c5 2. Nf3 d6 3. d4 cxd4 4. Nxd4 Nf6 5. Nc3 g6 6. Be3 Bg7 7. f3 Nc6 8. Qd2 0-0 9. 0-0-0 d5 10. exd5 Nxd5 11. Nxc6 bxc6 12. Bd4 e5 13. Bc5 Re8 14. Ne4 Qc7 15. h4 h6 16. g4 a5 17. h5 g5 18. c4 Nf4 19. Qd6 Qxd6 20. Rxd6 Bf8 21. Nf6+ Kh8 22. Nxe8 Be6 23. Rxe6 Nxe6 24. Bxf8 Rxe8 25. Bd6 f6 26. c5 Nd4 27. Rh3 Kg7 28. Bd3 Rd8 29. Be4 Rc8 30. Rh2 Kf7 31. Rd2 Kg7 32. b3 a4 33. Kb2 axb3 34. axb3 Ra8 35. Rxd4 exd4 36. Bxc6 Rc8 37. Bd7 Rd8 38. c6 d3 39. Kc3 1-0

[Event "Titled Tuesday intern op 01st Aug Early"]
[Site "Chess.com INT"]
[Date "2023.08.01"]
[Round "1"]
[White "Ionescu, Mihai"]
[Black "Matinian, Nikita"]
[Result "0-1"]
[WhiteElo "2245"]
[BlackElo "2421"]
[PlyCount "64"]
[EventDate "2023.08.01"]
[EventType "swiss (blitz)"]
[EventRounds "11"]
[EventCountry "USA"]
[SourceTitle "EXT 2024"]
[Source "ChessBase"]
[SourceDate "2023.10.10"]
[SourceVersion "1"]
[SourceVersionDate "2023.10.10"]
[SourceQuality "1"]

1. Nf3 Nf6 2. c4 g6 3. b3 Bg7 4. Bb2 0-0 5. g3 d6 6. Bg2 e5 7. d4 e4 8. Nfd2 e3 9. fxe3 Ng4 10. Nf1 Qe7 11. e4 c5 12. h3 Nf6 13. Nfd2 Nc6 14. d5 Ne5 15. 0-0 Nh5 16. Nc3 Nxg3 17. Rf2 Qh4 18. Nf1 Bxh3 19. Bxh3 Qxh3 20. Rh2 Qxf1+ 21. Qxf1 Nxf1 22. Rxf1 Ng4 23. Rh4 Bd4+ 24. Kh1 Ne3 25. Rf3 Rae8 26. Na4 f5 27. Bxd4 cxd4 28. exf5 Nxf5 29. Rhf4 Rxe2 30. c5 d3 31. Rxd3 Ng3+ 32. Kg1 Rxf4 0-1

[Event "Titled Tuesday intern op 01st Aug Early"]
[Site "Chess.com INT"]
[Date "2023.08.01"]
[Round "6"]
[White "Ionescu, Mihai"]
[Black "Smietanska, Wiktoria"]
[Result "0-1"]
[WhiteElo "2245"]
[BlackElo "2017"]
[PlyCount "40"]
[EventDate "2023.08.01"]
[EventType "swiss (blitz)"]
[EventRounds "11"]
[EventCountry "USA"]
[SourceTitle "EXT 2024"]
[Source "ChessBase"]
[SourceDate "2023.10.10"]
[SourceVersion "1"]
[SourceVersionDate "2023.10.10"]
[SourceQuality "1"]

1. Nf3 Nf6 2. c4 g6 3. b3 Bg7 4. Bb2 0-0 5. g3 d6 6. Bg2 e5 7. d3 Nc6 8. 0-0 Nh5 9. a3 f5 10. Qc2 f4 11. b4 g5 12. Nbd2 g4 13. Ne1 Ne7 14. Ne4 Nf5 15. Qd2 Bh6 16. Qd1 c6 17. Nc2 Be6 18. d4 Bxc4 19. dxe5 dxe5 20. Re1 Qe7 0-1

[Event "Titled Tuesday intern op 01st Aug Early"]
[Site "Chess.com INT"]
[Date "2023.08.01"]
[Round "3"]
[White "Sourath, Biswas"]
[Black "Ionescu, Mihai"]
[Result "1-0"]
[WhiteElo "2305"]
[BlackElo "2245"]
[PlyCount "77"]
[EventDate "2023.08.01"]
[EventType "swiss (blitz)"]
[EventRounds "11"]
[EventCountry "USA"]
[SourceTitle "EXT 2024"]
[Source "ChessBase"]
[SourceDate "2023.10.10"]
[SourceVersion "1"]
[SourceVersionDate "2023.10.10"]
[SourceQuality "1"]

1. d4 Nf6 2. Nf3 b6 3. Bf4 Bb7 4. e3 g6 5. Nbd2 Bg7 6. Bc4 0-0 7. 0-0 d6 8. h3 e6 9. a4 a5 10. Qe2 Nbd7 11. c3 Qe7 12. Bh2 Kh8 13. e4 e5 14. dxe5 dxe5 15. Rfd1 Nh5 16. Bd5 Bxd5 17. exd5 f5 18. Nc4 f4 19. Nd4 Nc5 20. Nc6 Qe8 21. N4xe5 f3 22. gxf3 Nf4 23. Qe3 Nxh3+ 24. Kg2 Qc8 25. Ne7 Qd8 26. N7xg6+ hxg6 27. Nxg6+ Kg8 28. Nxf8 Qxf8 29. Kxh3 Qf5+ 30. Kg2 Kf7 31. Qf4 Qxf4 32. Bxf4 Rg8 33. Kf1 Bf6 34. Bxc7 Nd7 35. Re1 Rh8 36. Kg2 Rg8+ 37. Bg3 Rh8 38. Re6 Rg8 39. Rd6 1-0

[Event "Titled Tuesday intern op 01st Aug Early"]
[Site "Chess.com INT"]
[Date "2023.08.01"]
[Round "5"]
[White "Tqebuchava, Zurab"]
[Black "Ionescu, Mihai"]
[Result "1-0"]
[WhiteElo "2303"]
[BlackElo "2245"]
[PlyCount "47"]
[EventDate "2023.08.01"]
[EventType "swiss (blitz)"]
[EventRounds "11"]
[EventCountry "USA"]
[SourceTitle "EXT 2024"]
[Source "ChessBase"]
[SourceDate "2023.10.10"]
[SourceVersion "1"]
[SourceVersionDate "2023.10.10"]
[SourceQuality "1"]

1. e4 c5 2. Nf3 d6 3. Bb5+ Bd7 4. Bxd7+ Qxd7 5. c4 Nf6 6. Nc3 g6 7. 0-0 Bg7 8. d4 cxd4 9. Nxd4 0-0 10. h3 Rc8 11. b3 d5 12. exd5 Nxd5 13. Nxd5 e6 14. Be3 exd5 15. cxd5 Qxd5 16. Rc1 Rxc1 17. Qxc1 Bxd4 18. Qc8+ Kg7 19. Rd1 Qc6 20. Bxd4+ f6 21. Qd8 b6 22. Bb2 Na6 23. Rd7+ Kh6 24. Qe7 1-0

[Event "Titled Tuesday intern op 25th Jul Early"]
[Site "Chess.com INT"]
[Date "2023.07.25"]
[Round "8"]
[White "Ionescu, Mihai"]
[Black "Kohler, Aran"]
[Result "1-0"]
[WhiteElo "2244"]
[BlackElo "2010"]
[PlyCount "73"]
[EventDate "2023.07.25"]
[EventType "swiss (blitz)"]
[EventRounds "11"]
[EventCountry "USA"]
[SourceTitle "EXT 2024"]
[Source "ChessBase"]
[SourceDate "2023.10.10"]
[SourceVersion "1"]
[SourceVersionDate "2023.10.10"]
[SourceQuality "1"]

1. Nf3 g6 2. e4 Bg7 3. d4 d6 4. Bd3 a6 5. 0-0 e5 6. dxe5 dxe5 7. Bc4 Qxd1 8. Rxd1 Ne7 9. Ng5 0-0 10. Nxf7 Rxf7 11. Rd8+ Bf8 12. Bg5 Nbc6 13. Rd3 Kg7 14. Bxf7 Kxf7 15. Nc3 Be6 16. Nd5 Bxd5 17. exd5 Nb4 18. Rf3+ Kg8 19. c4 Nc2 20. Rc1 Nd4 21. Re3 Bg7 22. Bxe7 Nf5 23. Rb3 Nxe7 24. Rxb7 e4 25. Rxc7 Nf5 26. b3 Bd4 27. g4 Nh4 28. Rd1 Bb6 29. Rc6 e3 30. fxe3 Bxe3+ 31. Kf1 Rf8+ 32. Ke2 Ng2 33. d6 Rf2+ 34. Kd3 Bg5 35. d7 Nf4+ 36. Ke4 Ne6 37. Rxe6 1-0

[Event "Titled Tuesday intern op 18th Jul Early"]
[Site "Chess.com INT"]
[Date "2023.07.18"]
[Round "1"]
[White "Ionescu, Mihai"]
[Black "Da Silva Junior, Sediney Mari"]
[Result "0-1"]
[WhiteElo "2244"]
[BlackElo "2010"]
[PlyCount "72"]
[EventDate "2023.07.18"]
[EventType "swiss (blitz)"]
[EventRounds "11"]
[EventCountry "USA"]
[SourceTitle "EXT 2024"]
[Source "ChessBase"]
[SourceDate "2023.10.10"]
[SourceVersion "1"]
[SourceVersionDate "2023.10.10"]
[SourceQuality "1"]

1. Nf3 f5 2. d3 Nf6 3. e4 fxe4 4. dxe4 Nc6 5. Bd3 e5 6. 0-0 d6 7. Bg5 Be7 8. h3 0-0 9. Nc3 Be6 10. Bxf6 Rxf6 11. Qe2 Qd7 12. Bc4 Raf8 13. Bxe6+ Qxe6 14. Ng5 Qd7 15. Nd5 Rg6 16. Nxe7+ Nxe7 17. Qh5 h6 18. Nf3 Kh7 19. Kh2 Ng8 20. Nh4 Rg5 21. Qe2 Rf4 22. g3 Rf8 23. f4 exf4 24. gxf4 Rc5 25. f5 Qc6 26. c3 Re8 27. Rae1 Rce5 28. Rf4 d5 29. Qg4 Rxe4 30. Rexe4 Rxe4 31. Rxe4 dxe4 32. Ng6 Qd6+ 33. Kg2 Qd2+ 34. Kg3 Qe3+ 35. Kh2 Qf2+ 36. Kh1 Nf6 0-1

[Event "Titled Tuesday intern op 11th Jul Early"]
[Site "Chess.com INT"]
[Date "2023.07.11"]
[Round "11"]
[White "Vaglio Munoz, Jaime"]
[Black "Ionescu, Mihai"]
[Result "0-1"]
[WhiteElo "2174"]
[BlackElo "2244"]
[PlyCount "86"]
[EventDate "2023.07.11"]
[EventType "swiss (blitz)"]
[EventRounds "11"]
[EventCountry "USA"]
[SourceTitle "EXT 2024"]
[Source "ChessBase"]
[SourceDate "2023.10.10"]
[SourceVersion "1"]
[SourceVersionDate "2023.10.10"]
[SourceQuality "1"]

1. e4 c5 2. a3 d6 3. b4 cxb4 4. axb4 Nf6 5. d3 g6 6. Bb2 Bg7 7. c4 0-0 8. Nf3 a5 9. Nbd2 Nbd7 10. d4 b6 11. h3 Bb7 12. bxa5 Nxe4 13. Nxe4 Bxe4 14. a6 Qc8 15. Qa4 Bxf3 16. gxf3 Nb8 17. Qb5 Rxa6 18. Rc1 Qe6+ 19. Be2 Ra8 20. d5 Qf5 21. Bxg7 Kxg7 22. Qxb6 Nd7 23. Qd4+ Kg8 24. Qe4 Qf6 25. Kf1 Nc5 26. Qe3 Ra2 27. Kg2 Rfa8 28. h4 R8a3 29. Qg5 Qxg5+ 30. hxg5 Rxe2 31. Rh6 Raa2 32. Rch1 Rxf2+ 33. Kg3 Nd3 34. f4 Nxf4 35. Rxh7 Nh5+ 36. R1xh5 gxh5 37. Rxh5 Rg2+ 38. Kf3 Rh2 39. Rxh2 Rxh2 40. c5 dxc5 41. g6 fxg6 42. d6 exd6 43. Kg3 Ra2 0-1

[Event "Titled Tuesday intern op 13th Dec Early"]
[Site "Chess.com INT"]
[Date "2022.12.13"]
[Round "10"]
[White "Roque Sola, Jose Luis"]
[Black "Ionescu, Mihai"]
[Result "1-0"]
[WhiteElo "2217"]
[BlackElo "2243"]
[PlyCount "71"]
[EventDate "2022.12.13"]
[EventType "swiss (blitz)"]
[EventRounds "11"]
[EventCountry "USA"]
[SourceTitle "EXT 2024"]
[Source "ChessBase"]
[SourceDate "2023.10.10"]
[SourceVersion "1"]
[SourceVersionDate "2023.10.10"]
[SourceQuality "1"]

1. c4 Nf6 2. Nc3 g6 3. Nf3 Bg7 4. g3 0-0 5. Bg2 Nc6 6. 0-0 e5 7. d3 d6 8. Rb1 a5 9. a3 Nh5 10. b4 axb4 11. axb4 f5 12. Nd2 e4 13. Nd5 exd3 14. exd3 Nd4 15. Nb3 c6 16. Nxd4 Bxd4 17. Nf4 Nf6 18. b5 c5 19. Bb2 Ra2 20. Bxd4 cxd4 21. Ra1 Qa5 22. Rxa2 Qxa2 23. Qa1 Qxa1 24. Rxa1 g5 25. Ne2 Ng4 26. Nxd4 Ne5 27. Ra3 f4 28. Bd5+ Kh8 29. Be4 fxg3 30. hxg3 g4 31. Ra8 Nf3+ 32. Nxf3 gxf3 33. Bxb7 Rf7 34. Rxc8+ Kg7 35. Bd5 Rf6 36. b6 1-0

[Event "ROM-chT Blitz"]
[Site "Sebes"]
[Date "2022.12.04"]
[Round "5.22"]
[White "Ionescu, Mihai"]
[Black "Nagy Elek, Tamas"]
[Result "1/2-1/2"]
[WhiteElo "2243"]
[BlackElo "1979"]
[PlyCount "53"]
[EventDate "2022.12.04"]
[EventType "team-swiss (blitz)"]
[EventRounds "8"]
[EventCountry "ROU"]
[SourceTitle "CBM 211 Extra"]
[Source "ChessBase"]
[SourceDate "2023.01.31"]
[SourceVersion "1"]
[SourceVersionDate "2023.01.31"]
[SourceQuality "1"]
[WhiteTeam "Family Giroc"]
[BlackTeam "Targu Mures Juvenes"]
[WhiteTeamCountry "ROU"]
[BlackTeamCountry "ROU"]

1. Nf3 d5 2. d4 Nf6 3. c4 c6 4. e3 e6 5. Bd3 Nbd7 6. b3 Ne4 7. 0-0 f5 8. Ne5 Nxe5 9. dxe5 Be7 10. Bb2 0-0 11. f3 Nc5 12. Bc2 Qc7 13. Nd2 Nd7 14. f4 Nc5 15. Qe2 Ne4 16. Nxe4 dxe4 17. Rad1 b6 18. Rd2 Ba6 19. Rfd1 Rad8 20. Rxd8 Rxd8 21. Rxd8+ Qxd8 22. Qd1 Qxd1+ 23. Bxd1 Kf7 24. Be2 g6 25. Kf2 h5 26. g3 Ke8 27. Ke1 1/2-1/2

[Event "ROM-chT Blitz"]
[Site "Sebes"]
[Date "2022.12.04"]
[Round "3.18"]
[White "Ionescu, Mihai"]
[Black "Sfarlog, Tudor Vlad"]
[Result "1/2-1/2"]
[WhiteElo "2243"]
[BlackElo "2283"]
[PlyCount "78"]
[EventDate "2022.12.04"]
[EventType "team-swiss (blitz)"]
[EventRounds "8"]
[EventCountry "ROU"]
[SourceTitle "CBM 211 Extra"]
[Source "ChessBase"]
[SourceDate "2023.01.31"]
[SourceVersion "1"]
[SourceVersionDate "2023.01.31"]
[SourceQuality "1"]
[WhiteTeam "Family Giroc"]
[BlackTeam "Alba Iulia Unirea"]
[WhiteTeamCountry "ROU"]
[BlackTeamCountry "ROU"]

1. Nf3 g6 2. d4 Bg7 3. g3 d6 4. Bg2 Nd7 5. 0-0 e5 6. c4 Ne7 7. Nc3 0-0 8. e4 exd4 9. Nxd4 Nc6 10. Be3 Nde5 11. Nxc6 bxc6 12. Qa4 c5 13. Rad1 Bd7 14. Qa6 Qc8 15. Qxc8 Rfxc8 16. Nd5 Nxc4 17. Ne7+ Kf8 18. Nxc8 Nxe3 19. fxe3 Rxc8 20. b3 Be5 21. Rf2 Ke7 22. Bf1 a5 23. Bc4 f6 24. a4 Rb8 25. Rc2 Rb4 26. Kg2 Be6 27. Bxe6 Kxe6 28. Rd3 Rxe4 29. Kf3 f5 30. Rc4 Rxc4 31. bxc4 c6 32. e4 Bd4 33. h3 Ke5 34. exf5 gxf5 35. Rd1 d5 36. Re1+ Kd6 37. Rc1 Ke5 38. Re1+ Kd6 39. Rc1 Ke5 1/2-1/2

[Event "ROM-chT Rapid"]
[Site "Sebes"]
[Date "2022.12.03"]
[Round "4.10"]
[White "Ionescu, Mihai"]
[Black "Ileana, George"]
[Result "1/2-1/2"]
[WhiteElo "2243"]
[BlackElo "2343"]
[PlyCount "120"]
[EventDate "2022.12.03"]
[EventType "team-swiss (rapid)"]
[EventRounds "8"]
[EventCountry "ROU"]
[SourceTitle "CBM 211 Extra"]
[Source "ChessBase"]
[SourceDate "2023.01.31"]
[SourceVersion "1"]
[SourceVersionDate "2023.01.31"]
[SourceQuality "1"]
[WhiteTeam "Family Giroc"]
[BlackTeam "Alba Iulia Unirea"]
[WhiteTeamCountry "ROU"]
[BlackTeamCountry "ROU"]

1. Nf3 Nf6 2. c4 c6 3. d4 d5 4. e3 g6 5. Nc3 Bg7 6. cxd5 cxd5 7. Bb5+ Bd7 8. Qb3 Bxb5 9. Qxb5+ Qd7 10. Ne5 Qxb5 11. Nxb5 Na6 12. Bd2 Nd7 13. Nd3 0-0 14. Rc1 e5 15. Bc3 exd4 16. Bxd4 Bxd4 17. exd4 Ndb8 18. Kd2 Nc6 19. a3 Rfe8 20. Rhe1 Rxe1 21. Rxe1 Rd8 22. Nc5 Nxc5 23. dxc5 a5 24. Kd3 d4 25. f4 Rd5 26. Kc4 Rh5 27. h3 d3 28. Nd4 Rh4 29. Nxc6 d2 30. Ne7+ Kf8 31. Rd1 Rxf4+ 32. Kb5 Kxe7 33. Rxd2 a4 34. Rc2 Kd7 35. Kb6 Kc8 36. Re2 Rc4 37. Re7 Rc2 38. Rc7+ Kd8 39. Rxf7 Rxb2+ 40. Ka5 Rxg2 41. Rxh7 Kc8 42. Kxa4 g5 43. Ka5 g4 44. h4 g3 45. Rg7 Rh2 46. Rxg3 Rxh4 47. Kb6 Rh6+ 48. Kb5 Rh1 49. Rg4 Rb1+ 50. Rb4 Ra1 51. a4 Kc7 52. Rb2 Rc1 53. Rb3 Ra1 54. Rh3 Rb1+ 55. Kc4 Rc1+ 56. Kd4 Ra1 57. Rh7+ Kc6 58. Rh6+ Kc7 59. Rh7+ Kc6 60. Rh6+ Kc7 1/2-1/2

[Event "ROM-chT Rapid"]
[Site "Sebes"]
[Date "2022.12.03"]
[Round "5.18"]
[White "Ionescu, Mihai"]
[Black "Nevednichy, Vladislav"]
[Result "0-1"]
[WhiteElo "2243"]
[BlackElo "2502"]
[PlyCount "34"]
[EventDate "2022.12.03"]
[EventType "team-swiss (rapid)"]
[EventRounds "8"]
[EventCountry "ROU"]
[SourceTitle "CBM 211 Extra"]
[Source "ChessBase"]
[SourceDate "2023.01.31"]
[SourceVersion "1"]
[SourceVersionDate "2023.01.31"]
[SourceQuality "1"]
[WhiteTeam "Family Giroc"]
[BlackTeam "Iasi Politehnica"]
[WhiteTeamCountry "ROU"]
[BlackTeamCountry "ROU"]

1. d4 Nf6 2. Nf3 g6 3. g3 Bg7 4. Bg2 0-0 5. 0-0 d6 6. b3 c5 7. c4 Ne4 8. Bb2 Nc6 9. e3 Rb8 10. Nbd2 Nf6 11. d5 Na5 12. Qc2 b5 13. Rab1 bxc4 14. bxc4 Bf5 15. e4 Rxb2 16. Rxb2 Nxe4 17. Rb5 Nc3 0-1

[Event "ROM-chT Rapid"]
[Site "Sebes"]
[Date "2022.12.03"]
[Round "8.2"]
[White "Ionescu, Mihai"]
[Black "Parligras, Mircea Emilian"]
[Result "0-1"]
[WhiteElo "2243"]
[BlackElo "2565"]
[PlyCount "100"]
[EventDate "2022.12.03"]
[EventType "team-swiss (rapid)"]
[EventRounds "8"]
[EventCountry "ROU"]
[SourceTitle "CBM 211 Extra"]
[Source "ChessBase"]
[SourceDate "2023.01.31"]
[SourceVersion "1"]
[SourceVersionDate "2023.01.31"]
[SourceQuality "1"]
[WhiteTeam "Family Giroc"]
[BlackTeam "Superbet ASE"]
[WhiteTeamCountry "ROU"]
[BlackTeamCountry "ROU"]

1. Nf3 d5 2. d4 Nf6 3. c4 e6 4. g3 Bb4+ 5. Bd2 Be7 6. Bg2 0-0 7. 0-0 c6 8. Qc2 Nbd7 9. Rd1 a5 10. Bf4 h6 11. b3 Nh5 12. Bc1 b5 13. Nbd2 a4 14. Rb1 Nhf6 15. e4 axb3 16. axb3 bxc4 17. bxc4 dxe4 18. Nxe4 Qa5 19. Bf4 Qa4 20. Nxf6+ Bxf6 21. Qxa4 Rxa4 22. Rbc1 Ba6 23. Bf1 Nb6 24. Bd6 Ra8 25. c5 Nd5 26. Bxa6 R4xa6 27. Rd3 Ra2 28. Rb1 Ra1 29. Rdb3 Rxb1+ 30. Rxb1 g5 31. Be5 Be7 32. Rb8+ Rxb8 33. Bxb8 f6 34. Kf1 g4 35. Ne1 Kf7 36. Ke2 Kg6 37. Kd3 Kf5 38. Ng2 e5 39. Ne3+ Nxe3 40. fxe3 exd4 41. exd4 Ke6 42. Kc4 f5 43. Bf4 h5 44. Bd2 Bd8 45. Bf4 Be7 46. Bc7 Bg5 47. Be5 Be3 48. Kd3 Bg1 49. Kc4 Bxh2 50. Bf4 h4 0-1

[Event "Arad op-A 14th"]
[Site "Arad"]
[Date "2021.07.31"]
[Round "3"]
[White "Ionescu, Mihai"]
[Black "Magold, Filip"]
[Result "1/2-1/2"]
[WhiteElo "2271"]
[BlackElo "2030"]
[PlyCount "100"]
[EventDate "2021.07.30"]
[EventType "swiss"]
[EventRounds "9"]
[EventCountry "ROU"]
[SourceTitle "CBM 203 Extra"]
[Source "ChessBase"]
[SourceDate "2021.09.30"]
[SourceVersion "1"]
[SourceVersionDate "2021.09.30"]
[SourceQuality "1"]

1. Nf3 Nf6 2. c4 e6 3. g3 b6 4. Bg2 Bb7 5. 0-0 c5 6. Nc3 Be7 7. Re1 0-0 8. e4 d6 9. d4 cxd4 10. Nxd4 Qc8 11. Be3 Nbd7 12. f4 a6 13. Bf2 Rd8 14. Rc1 Bf8 15. h3 Qc7 16. g4 g6 17. f5 Re8 18. g5 Nh5 19. Qd2 Ne5 20. fxg6 hxg6 21. b3 Rad8 22. Be3 Qb8 23. Nf3 Bc6 24. a4 Bg7 25. Nd4 Ba8 26. Rcd1 Nc6 27. Nxc6 Bxc6 28. Ne2 Qb7 29. Qc2 b5 30. axb5 axb5 31. Nd4 Bxd4 32. Rxd4 bxc4 33. bxc4 e5 34. Rdd1 Qe7 35. h4 Rc8 36. Kh2 Bd7 37. Qd3 Bg4 38. Rd2 Rc6 39. Rc1 Rec8 40. Rdc2 Be6 41. Bf1 Kg7 42. Qa3 Rh8 43. Rf2 Rcc8 44. Qb2 Rb8 45. Qc3 Qb7 46. Bg2 Qb3 47. c5 Qxc3 48. Rxc3 dxc5 49. Bxc5 Rb5 50. Bf1 Ra5 1/2-1/2